JR東日本 輸送密度が2,000人/日未満の路線 - Statistics

General Stats
  • This quiz has been taken 148 times
  • The average score is 60 of 71
Answer Stats
路線名 区間 輸送密度 営業係数 % Correct
奥羽本線 東能代~大館 1,261 1,512
96%
羽越本線 新津~新発田 1,278 1,154
96%
羽越本線 村上~鶴岡 1,444 935
96%
奥羽本線 湯沢~大曲 1,576 999
96%
羽越本線 鶴岡~酒田 1,762 775
96%
奥羽本線 新庄~湯沢 217 5,399
96%
羽越本線 酒田~羽後本荘 779 1,559
96%
奥羽本線 大館~弘前 964 1,756
96%
久留里線 木更津~久留里 1,021 1,253
95%
磐越東線 小野新町~郡山 1,918 472
95%
磐越東線 いわき~小野新町 216 3,065
95%
久留里線 久留里~上総亀山 76 6,694
95%
磐越西線 会津若松~喜多方 1,568 1,103
94%
磐越西線 野沢~津川 117 7,505
94%
磐越西線 喜多方~野沢 398 2,121
94%
磐越西線 津川~五泉 434 2,921
94%
山田線 盛岡~上米内 237 2,019
91%
山田線 上米内~宮古 78 5,437
91%
陸羽東線 最上~新庄 163 4,220
90%
陸羽東線 鳴子温泉~最上 31 22,360
90%
津軽線 青森~中小国 481 3,449
90%
津軽線 中小国~三厩 58 10,649
90%
陸羽東線 古川~鳴子温泉 709 1,362
90%
陸羽西線 新庄~余目 117 5,356
89%
上越線 水上~越後湯沢 1,279 1,151
88%
八戸線 鮫~久慈 330 2,320
88%
五能線 五所川原~川部 1,299 782
87%
常磐線 いわき~原ノ町 1,792 542
87%
五能線 能代~深浦 261 3,369
87%
五能線 深浦~五所川原 466 2,058
87%
五能線 東能代~能代 798 1,939
87%
内房線 館山~安房鴨川 1,323 1,541
85%
外房線 勝浦~安房鴨川 1,358 1,045
85%
花輪線 好摩~荒屋新町 318 1,987
85%
花輪線 鹿角花輪~大館 474 1,975
85%
花輪線 荒屋新町~鹿角花輪 68 10,080
85%
只見線 会津坂下~会津川口 160 3,803
84%
大湊線 野辺地~大湊 448 969
84%
只見線 会津川口~只見 69 1,455
84%
只見線 只見~小出 84 6,741
84%
只見線 会津若松~会津坂下 979 656
84%
鹿島線 香取~鹿島サッカースタジアム 1,180 949
83%
大糸線 白馬~南小谷 234 2,488
83%
大糸線 信濃大町~白馬 819 682
83%
石巻線 小牛田~女川 906 851
83%
水郡線 上菅谷~常陸太田 1,996 695
81%
水郡線 常陸大子~磐城塙 156 5,222
81%
大船渡線 一ノ関~気仙沼 560 1,502
81%
水郡線 常陸大宮~常陸大子 838 1,561
81%
水郡線 磐城塙~安積永盛 876 951
81%
気仙沼線 前谷地~柳津 184 3,416
80%
北上線 ほっとゆだ~横手 118 3,847
79%
米坂線 今泉~小国 152 3,404
79%
北上線 北上~ほっとゆだ 391 2,410
79%
釜石線 遠野~釜石 393 1,988
79%
米坂線 米沢~今泉 560 2,106
79%
釜石線 花巻~遠野 699 1,085
79%
米坂線 小国~坂町 85 4,106
79%
吾妻線 長野原草津口~大前 278 4,790
77%
男鹿線 追分~男鹿 1,423 970
76%
烏山線 宝積寺~烏山 1,113 952
75%
飯山線 豊野~飯山 1,367 889
75%
飯山線 津南~越後川口 324 2,456
75%
飯山線 飯山~戸狩野沢温泉 417 2,770
75%
越後線 柏崎~吉田 627 1,397
75%
飯山線 戸狩野沢温泉~津南 87 10,460
75%
小海線 小海~中込 1,076 970
74%
小海線 小淵沢~小海 394 1,573
74%
弥彦線 弥彦~吉田 478 1,220
73%
中央本線 辰野~塩尻 522 1,837
73%
左沢線 寒河江~左沢 733 1,869
73%
No matching quizzes found
Score Distribution
Percent of People with Each Score
Percentile by Number Answered
Your Score History
You have not taken this quiz